=LDR 00000nam 2200000 4500 =001 INLIS000000000040273 =005 20130612145837 =008 ***********************************ind** =035 ##$$0010-061300000040273 =041 ##$$a ind =082 ##$$a 636.3 =090 ##$$a 636.3, sud-b2 =100 ##$$a sudarmono,drs.a.s =245 ##$$a beternak domba =260 ##$$a 2003 $b jakarta =300 ##$$a 126 hlm, 20.5 cm =850 ##$$a NBPNMAT =990 ##$$a 0001/BPAP-NTB/20142015 =990 ##$$a 0001/BPAP-NTB/20142015 =990 ##$$a 0001/BPAP-NTB/20142015 =990 ##$$a 0001/BPAP-NTB/2015 =990 ##$$a 0001/BPAP-NTB/2016 =990 ##$$a 0001/BPAP-NTB/2016